000 00651nam a2200217Ia 4500
003 GCL
008 140319s9999 xx 000 0 ara d
040 _aGCL /
_cGCL
082 0 4 _aد
_b050
100 1 _aاحمد مدحت اسلام
245 1 0 _aالتلوث مشكلة العصر ( عالم المعرفة 152 ) /
_cاحمد مدحت اسلام
300 _a276 ص
490 _aعالم المعرفة
_v0
650 0 4 _aتلوث البيئة
650 0 4 _aالضوضاء
650 0 4 _aالتلوث
650 0 4 _aالتلوث الاشعاعى
650 0 4 _aالمياه - تلوث
650 0 4 _aالهواء - تلوث
942 _2ddc
_cBK
999 _c50306
_d50306